| Tag |
First Indicator |
Second Indicator |
Subfields |
| LEADER |
00000cam a2200000 i 4500 |
| 001 |
in00004635961 |
| 006 |
m o d |
| 007 |
cr ||||||||||| |
| 008 |
210907s2021 gau ob s001 0 eng d |
| 005 |
20230103223602.1 |
| 035 |
|
|
|a (OCoLC)on1267406695
|
| 040 |
|
|
|a GUA
|b eng
|e rda
|e pn
|c GUA
|d GUA
|d OCLCO
|d GUA
|d OCLCF
|d JSTOR
|d OCLCO
|
| 020 |
|
|
|a 9780820359212
|q (ebook)
|
| 020 |
|
|
|a 0820359211
|q (ebook)
|
| 020 |
|
|
|z 9780820359236
|q (hardcover)
|
| 020 |
|
|
|z 9780820359229
|q (paperback)
|
| 035 |
|
|
|a (OCoLC)1267406695
|
| 037 |
|
|
|a 22573/ctv21c28kd
|b JSTOR
|
| 043 |
|
|
|a n-us-ga
|
| 050 |
|
4 |
|a F281
|b .C71 v. 29
|
| 072 |
|
7 |
|a HIS
|x 036020
|2 bisacsh
|
| 072 |
|
7 |
|a HIS
|x 036120
|2 bisacsh
|
| 082 |
0 |
4 |
|a 975.8/02
|2 19
|
| 049 |
|
|
|a TXAM
|
| 245 |
0 |
0 |
|a Trustees' letter book, 1732-1738 /
|c edited by Kenneth Coleman and Milton Ready ; with a new foreword by Julie Anne Sweet.
|
| 264 |
|
1 |
|a Athens :
|b The University of Georgia Press,
|c 2021.
|
| 300 |
|
|
|a 1 online resource (xv, 372 pages)
|
| 336 |
|
|
|a text
|b txt
|2 rdacontent
|
| 337 |
|
|
|a computer
|b c
|2 rdamedia
|
| 338 |
|
|
|a online resource
|b cr
|2 rdacarrier
|
| 490 |
1 |
|
|a The Colonial records of the state of Georgia ;
|v volume 29
|
| 500 |
|
|
|a "Copies made from original records in England and compiled under authority of Allen D. Candler, 1902"--title page.
|
| 504 |
|
|
|a Includes bibliographical references and index.
|
| 536 |
|
|
|a The Georgia Open History Library has been made possible in part by a major grant from the National Endowment for the Humanities: Democracy demands wisdom. Any views, findings, conclusions, or recommendations expressed in this collection, do not necessarily represent those of the National Endowment for the Humanities.
|
| 588 |
|
|
|a Description based on online resource ; title from PDF title page (viewed June 29, 2021).
|
| 600 |
1 |
0 |
|a Martyn, Benjamin,
|d 1699-1763
|v Correspondence.
|
| 600 |
1 |
7 |
|a Martyn, Benjamin,
|d 1699-1763.
|2 fast
|0 (OCoLC)fst00118131
|
| 651 |
|
0 |
|a Georgia
|x History
|y Colonial period, ca. 1600-1775
|v Sources.
|
| 650 |
|
0 |
|a Colonial administrators
|z Great Britain
|v Correspondence.
|
| 651 |
|
6 |
|a Géorgie (État)
|x Histoire
|y ca 1600-1775 (Période coloniale)
|v Sources.
|
| 650 |
|
6 |
|a Administrateurs coloniaux
|z Grande-Bretagne
|v Correspondance.
|
| 650 |
|
7 |
|a HISTORY / United States / Colonial Period (1600-1775)
|2 bisacsh
|
| 650 |
|
7 |
|a Colonial administrators.
|2 fast
|0 (OCoLC)fst00868434
|
| 651 |
|
7 |
|a Georgia.
|2 fast
|0 (OCoLC)fst01204622
|
| 651 |
|
7 |
|a Great Britain.
|2 fast
|0 (OCoLC)fst01204623
|
| 648 |
|
7 |
|a 1600-1775
|2 fast
|
| 655 |
|
7 |
|a Electronic books.
|2 local
|
| 655 |
|
7 |
|a History.
|2 fast
|0 (OCoLC)fst01411628
|
| 655 |
|
7 |
|a Personal correspondence.
|2 fast
|0 (OCoLC)fst01919948
|
| 655 |
|
7 |
|a Sources.
|2 fast
|0 (OCoLC)fst01423900
|
| 700 |
1 |
|
|a Coleman, Kenneth,
|e editor.
|
| 700 |
1 |
|
|a Ready, Milton,
|d 1938-
|e editor.
|
| 700 |
1 |
|
|a Sweet, Julie Anne,
|d 1970-
|e author of foreword.
|
| 700 |
1 |
|
|a Martyn, Benjamin,
|d 1699-1763,
|e correspondent.
|
| 710 |
2 |
|
|a JSTOR (Organization)
|
| 830 |
|
0 |
|a Colonial records of the state of Georgia ;
|v v. 29.
|
| 856 |
4 |
0 |
|u https://www.jstor.org/stable/10.2307/j.ctv21d63n7
|z Connect to the full text of this electronic book
|t 0
|
| 955 |
|
|
|a JSTOR Open Access ebooks
|
| 994 |
|
|
|a 92
|b TXA
|
| 999 |
f |
f |
|s c73f9843-eb86-4018-8ed8-82e09cccd489
|i 5796c7e0-d67d-44a6-aa1c-720a141b562c
|t 0
|
| 952 |
f |
f |
|a Texas A&M University
|b College Station
|c Electronic Resources
|d Available Online
|t 0
|e F281 .C71 v. 29
|h Library of Congress classification
|
| 998 |
f |
f |
|a F281 .C71 v. 29
|t 0
|l Available Online
|